[Event "Kuzbass-ch"]
[Site "Kemerovo"]
[Date "2007.12.19"]
[Round "6"]
[White "Denisov, Nikolay"]
[Black "Chichulin, Alexei"]
[Result "0-1"]
[WhiteElo "2174"]
[BlackElo "2136"]
[PlyCount "104"]
[EventDate "2007.12.16"]
[EventType "swiss"]
[EventRounds "9"]
[EventCountry "RUS"]
[SourceTitle "CBM 122 Extra"]
[Source "ChessBase"]
[SourceDate "2008.03.04"]
[SourceVersion "1"]
[SourceVersionDate "2008.03.04"]
[SourceQuality "1"]

1. e4 e6 2. Nf3 d5 3. e5 c5 4. b4 cxb4 5. a3 Nc6 6. axb4 Bxb4 7. c3 Be7 8. d4 Bd7 9. Bd3 b5 10. 0-0 Qb6 11. Be3 Na5 12. Nbd2 Nh6 13. Bxh6 gxh6 14. Qe2 a6 15. Qe3 Bf8 16. Nh4 Rc8 17. Rfc1 Rc6 18. Be2 Qc7 19. f4 b4 20. Bxa6 Rxa6 21. cxb4 Rc6 22. Rc5 Nb7 23. Ra8+ Bc8 24. Rxc6 Qxc6 25. b5 Qc1+ 26. Kf2 Bb4 27. Nhf3 Nd8 28. f5 Bf8 29. f6 Bb7 30. Ra7 Rg8 31. Qd3 Rg6 32. g3 Bb4 33. Nb3 Qc7 34. Ra4 Bf8 35. h3 Bc8 36. Nbd2 Bd7 37. Nb1 Qc1 38. Nc3 Qb2+ 39. Nd2 Bb4 40. Rxb4 Qxb4 41. Nf3 Qb2+ 42. Nd2 h5 43. Kf3 Nb7 44. Na4 Qb4 45. Qc2 Qxd4 46. Qc7 Qd3+ 47. Kf2 Qxd2+ 48. Kf3 Qd3+ 49. Kf2 Qxg3+ 50. Ke2 Bxb5+ 51. Kd2 Qd3+ 52. Kc1 Rg1+ 0-1

[Event "Kuzbass-ch"]
[Site "Kemerovo"]
[Date "2007.12.18"]
[Round "5"]
[White "Chichulin, Alexei"]
[Black "Grishenko, Vladimir"]
[Result "0-1"]
[WhiteElo "2136"]
[BlackElo "2199"]
[PlyCount "66"]
[EventDate "2007.12.16"]
[EventType "swiss"]
[EventRounds "9"]
[EventCountry "RUS"]
[SourceTitle "CBM 122 Extra"]
[Source "ChessBase"]
[SourceDate "2008.03.04"]
[SourceVersion "1"]
[SourceVersionDate "2008.03.04"]
[SourceQuality "1"]

1. d4 d5 2. c4 c6 3. Nc3 Nf6 4. Nf3 e6 5. Bg5 dxc4 6. a4 Bb4 7. e4 Bxc3+ 8. bxc3 Qa5 9. Bxf6 Qxc3+ 10. Nd2 gxf6 11. Rc1 Qxd4 12. Rxc4 Qd6 13. Be2 Nd7 14. Qc2 Ne5 15. Rc3 Bd7 16. 0-0 Rg8 17. Rd1 Qc7 18. Nc4 Nxc4 19. Rxc4 e5 20. Rb4 Rd8 21. Rbb1 Kf8 22. Qc5+ Kg7 23. Qxa7 Bc8 24. Rdc1 Rd4 25. a5 Qd6 26. a6 bxa6 27. Rb6 Bd7 28. Qxa6 Rxe4 29. Bf3 Rd4 30. Qe2 e4 31. Bh5 Qd5 32. Bg4 Qg5 33. Qe3 Bxg4 0-1

[Event "Novokuznetsk Goriainov Memorial op"]
[Site "Novokuznetsk"]
[Date "2007.08.17"]
[Round "4"]
[White "Lyashenko, Anna"]
[Black "Chichulin, Alexei"]
[Result "1-0"]
[WhiteElo "1999"]
[BlackElo "2157"]
[PlyCount "79"]
[EventDate "2007.08.14"]
[EventType "swiss"]
[EventRounds "9"]
[EventCountry "RUS"]
[SourceTitle "EXT 2009"]
[Source "ChessBase"]
[SourceDate "2008.11.26"]
[SourceVersion "1"]
[SourceVersionDate "2008.11.26"]
[SourceQuality "1"]

1. e4 e6 2. d4 d5 3. Nd2 Nf6 4. e5 Nfd7 5. f4 c5 6. Ndf3 Nc6 7. c3 cxd4 8. Nxd4 Ndxe5 9. fxe5 Qh4+ 10. Ke2 Nxe5 11. Ngf3 Qe4+ 12. Be3 b6 13. h3 Be7 14. Kf2 0-0 15. Qd2 f5 16. Bf4 Nc4 17. Bxc4 dxc4 18. Rhe1 Qd5 19. Re5 Qd8 20. Nxe6 Qxd2+ 21. Bxd2 Bxe6 22. Rxe6 Kf7 23. Rae1 Rfe8 24. R6e5 g6 25. Ng5+ Bxg5 26. Bxg5 Rxe5 27. Rxe5 Re8 28. Rxe8 Kxe8 29. Ke3 Kf7 30. Kd4 Ke6 31. Kxc4 Ke5 32. g3 Ke4 33. Kb5 Kf3 34. Bf4 g5 35. Bxg5 Kxg3 36. h4 f4 37. c4 f3 38. Be3 Kxh4 39. b4 Kg3 40. c5 1-0